Osobitosti konsolidovanej účtovnej závierky vo verejnej správe v porovnaní s konsolidovanou účtovnou závierkou u podnikateľov
Povinnosti účtovných jednotiek z podnikateľského prostredia a účtovných jednotiek verejnej správy pri zostavovaní konsolidovanej účtovnej závierky a ich rozdiely. Súčasti konsolidovanej účtovnej závierky v podnikateľskom prostredí a vo verejnej správe.
Salvato in:
| Autore principale: | |
|---|---|
| Natura: | Capitolo di libro |
| Lingua: | slovacco |
| Soggetti: | |
| Tags: |
Nessun Tag, puoi essere il primo ad aggiungerne!!
|
MARC
| LEADER | 00000nla a2200000 4500 | ||
|---|---|---|---|
| 001 | 0214127 | ||
| 005 | 20240502073559.2 | ||
| 041 | 0 | |a slo | |
| 044 | |a SK | ||
| 245 | 1 | 0 | |a Osobitosti konsolidovanej účtovnej závierky vo verejnej správe v porovnaní s konsolidovanou účtovnou závierkou u podnikateľov |c Hana Jakubíková |
| 520 | |a Povinnosti účtovných jednotiek z podnikateľského prostredia a účtovných jednotiek verejnej správy pri zostavovaní konsolidovanej účtovnej závierky a ich rozdiely. Súčasti konsolidovanej účtovnej závierky v podnikateľskom prostredí a vo verejnej správe. | ||
| 610 | 2 | 0 | |a účtovníctvo |
| 610 | 2 | 0 | |a závierka účtovná konsolidovaná |
| 610 | 2 | 0 | |a podnikatelia |
| 610 | 2 | 0 | |a podnikanie |
| 610 | 2 | 0 | |a správa verejná |
| 610 | 2 | 0 | |a štandardy účtovné medzinárodné |
| 610 | 2 | 0 | |a IFRS |
| 610 | 2 | 0 | |a organizácie rozpočtové |
| 610 | 2 | 0 | |a organizácie príspevkové |
| 610 | 2 | 0 | |a legislatíva |
| 100 | 1 | |a Jakubíková, Hana | |